| 000 | 00953nam a2200253 i 4500 | ||
|---|---|---|---|
| 001 | 184286 | ||
| 003 | ES-MaACL | ||
| 005 | 20250901063140.0 | ||
| 008 | 150610s2012 sp |||| | spa d | ||
| 020 | _a978-84-92422-57-9 | ||
| 080 | _a172.2 | ||
| 100 | 1 |
_aHolbach, Paul Henri Dietrich, _cbaron d', _d1723-1789 _9156990 |
|
| 245 | 1 | 0 |
_aEtocracia _b: el gobierno fundado en la moral / _cPaul Henri Thiry, Barón de Holbach ; traducción y epílogo de Josep Lluís Teodoro. |
| 260 |
_aMadrid : _bLaetoli, _c2012. |
||
| 300 |
_a206 p. ; _c23 cm. |
||
| 490 | 1 |
_aLos ilustrados ; _v7 |
|
| 650 | 7 |
_aÉtica política _2embne _9136540 |
|
| 700 | 1 |
_aTeodoro Peris, Josep Lluís. _9156991 |
|
| 830 | 0 |
_aLos ilustrados ; _v7 _9225056 |
|
| 852 |
_aES-MaACL _jA-13529 _9191282 _bR.150440 _cDEPO1 _dOlim: N-6529 _hDonación: Andrés P. Riádicas |
||
| 903 |
_9234585 _aAndrés P. Riádicas _ednr |
||
| 942 |
_2udc _cMONOGRAFIA |
||
| 999 |
_c184286 _d184286 |
||